000 03275cam a22004813i 4500
999 _c64301
_d64301
001 801715
003 CO-MdFUSB
005 20180510111433.0
008 130911s2013 oru 000 0 eng d
020 _a9781625640604
020 _a1625640609
040 _aBTCTA
_bspa
_cCO-MdFUSB
_dCO-MdFUSBC
_erda
041 _aeng
049 _aPTSS
082 _223
_a289.4
_bR281
245 0 0 _aReaching for the New Jerusalem :
_ba biblical and theological framework for the city /
_cedited by Seong Hyum Park, Aida Besancon Spencer and William David Spencer.
264 _aEugene, OR :
_bWipf & Stock.,
_c2013.
300 _a215 p. ;
_c23 cm.
336 _2rdacontent
_atexto
337 _2rdamedia
_asin mediación
_bn
338 _2rdacarrier
_avolumen
_bnc
501 _aParte de la tabla de contenido fue traducido a español.
504 _aIncluye referencias bibliográficas. Páginas 219 [-232] e índices
505 0 _tFundamentos de la Nueva Jerusalén
_r/ Seong Hyun Park
505 0 _tReconstruir la ciudad de Enoc con los planos de Cristo: una introducción /
_rWilliam David Spencer
505 0 _tQué ciudad estamos creando /
_rAída Besançon Spencer
505 0 _tReconstruir la ciudad de Enoc con los planos de Cristo: una introducción /
_rWilliam David Spencer
505 0 _tEclesiopolis: dos milenios de transformación mutua entre la iglesia y la ciudad /
_rDavid A. Currie
505 0 _tRedención de los límites de la ciudad /
_rDavid A. Currie
505 0 _tObstáculos que enfrentan los jóvenes y las nuevas comunidades en la Nueva Jerusalén /
_rDean Borgman
505 0 0 _aFoundations of New Jerusalem / Seong Hyun Park -- Rebuilding the city of Enoch With the Blueprints of Christi: An introduction / William David Spencer -- What city are we creating? / Aída Besançon Spencer -- Blueprints for the heart of the rebuilder / John Runyon -- Ecclesiapolis: Two millennia of mutual transformation between church and city / David A. Currie -- Redeeming the city in the margins -- Roadblocks to the New Jerusalem facing urban youth and communities / Dean Borgman -- Living-system ministry ushers in the New Jerusalem / Douglas A. Hall With Judy Hall, Steve Daman, and Jefrerey Bass -- Intercultural unity, a sign of the New Jerusalem: overcoming bariers and getting ready for church collaborations across cultural lines / Blanca Duemling -- Challenges to discipleship in the context of contemporary consumer culture / Teri Elliott-Hart -- A conceptual framework for counseling city people / Carlot D. Celestin -- Under one steeple: Biblical and theological foundations for sharing church space / Lorraine Cleaves Anderson -- Buisding shalom in the city: education provides a bridge between the church and the secular community / David Martínez -- Epilogue: Participating in what God is doing / J. Anthony Lloyd.
563 _aRústico
650 0 _aNew Jerusalem Church
_xDoctrines.
653 _aNueva Jerusalén - Iglesia - Doctrina
700 1 _aPark, Seong Hyun
700 1 _aSpencer, Aída Besançon
_9825
_eedtor
700 1 _aSpencer, William David.
_eeditor
942 _cBK